The female eye = Coup d'oeil feminin /

Bibliographic Details
Corporate Author: National Film Board of Canada. Still Photography Division
Format: Book
Language:English
French
Published: Toronto : The Board in association with Clarke, Irwin, [1975]
Subjects:

MARC

Tag First Indicator Second Indicator Subfields
LEADER 00000cam a2200000 i 4500
001 in00000502421
005 20151013063017.0
008 760923s1975 onca f00110 eng
010 |a  76369288  
015 |a C*** 
020 |a 0889340013 :  |c $19.95 
035 |a (OCoLC)02524140 
035 |9 ACD3911AM 
040 |a DLC  |c DLC  |d TXA  |d UtOrBLW 
041 0 |a eng  |a fre 
049 |a TXAM  |c [1552523] 
050 0 0 |a TR654  |b .N393 1975 
082 0 |a 779/.092/2 
110 2 |a National Film Board of Canada.  |b Still Photography Division. 
245 1 4 |a The female eye =  |b Coup d'oeil feminin /  |c produced by the National Film Board of Canada, Still photography Division. 
246 3 1 |a Coup d'oeil feminin  
264 1 |a Toronto :  |b The Board in association with Clarke, Irwin,  |c [1975] 
300 |a 190 pages :  |b chiefly illustrations (some color) ;  |c 28 cm. 
336 |a text  |b txt  |2 rdacontent 
337 |a unmediated  |b n  |2 rdamedia 
338 |a volume  |b nc  |2 rdacarrier 
500 |a English or French. 
500 |a Includes indexes. 
650 0 |a Photography, Artistic. 
650 0 |a Women photographers. 
740 0 |a Coup d'oeil feminin. 
999 |a MARS 
999 f f |s 1e887c66-c41f-3141-9753-0022ff0fc7bd  |i ef8c61ec-4ab6-302e-a6ba-501dfc7d95d9  |t 0 
952 f f |p ric  |a Texas A&M University  |b Rellis Campus  |c Joint Library Facility  |d Remote Storage  |t 0  |e TR654 .N393 1975  |h Library of Congress classification  |i unmediated -- volume  |m A14805629301 
998 f f |a TR654 .N393 1975  |t 0  |l Remote Storage